Регионална библиотека "Любен Каравелов" - Русе

Оптимистическая трагедия (Запис номер 296971)

MARC детайли
000 -Лидер
Контролно поле с фиксирана дължина 01156ncm a2200301 c 4500
003 - Код на организацията, давaща контролен номер
Контролно поле BLK
005 - Дата и час на последна редакция
Контролно поле 20180421003240.0
008 - Елементи от данни с фиксирана дължина
fixed length control field 180414b bul |a|er|||| |0| c|bulo|
010 ## - Наследен системен номер
LC control number NOT00000321000
040 ## - Източник на каталожния запис
Идентификатор на билиотеката - собственик на записа BLK
041 ## - Код за език
Код за езика на текст/звукозапис или на отделно заглавие Български
Код за езика КДБФ Руски
080 ## - УДК
Текстов определител УДК Опера. Музикална драма. Романтична опера. Опера-приказка
УДК код - определител по УДК 782.1
УДК определител
УДК - код + определител 782.1
100 1# - Редна дума - Автор
Автор Холминов, Анатолий
Авторска отговорност първи автор
R(LIN) 137398
139 ## - Редно поле
Редна дума Холминов, Анатолий
Авторски знак Хол - Х 60
245 10 - Сведения за заглавието
Заглавие Оптимистическая трагедия
Подзаглавни данни Опера в 3 д.
Редно поле (дума) Анатолий Холминов; либрето Анатолий Холминов; либрето А. Машистов.
254 ## - Сведения за формата на нотното издание
Формат на описваните ноти Клавир
257 ## - Страна на издаване
Страна на създаване/издаване България
260 ## - Област на издателските данни
-- Москва
Име на издателя, разпространителя и проч. Музыка 4029
Година на издаване 1967
300 ## - Физическа характеристика
Страници 206 с.
Размери/Мащаб 30 см
380 ## - Жанр
Жанр Изкуство
700 1# - Други автори (авторска отговорност)
Лично име Холминов, Анатолий
Автороска отговорност (Описва отношението между автора и произведението) либрето
9 (RLIN) 137398
700 1# - Други автори (авторска отговорност)
Лично име Машистов, А.
Автороска отговорност (Описва отношението между автора и произведението) либрето
9 (RLIN) 361631
852 ## - Местоположение
Форматна сигнатура Цб М ІІ 4681
Част 0
856 4# - Електронен адрес и достъп
Електронен формат pdf - файл
Път до файла /url/
856 4# - Електронен адрес и достъп
Електронен формат pdf - файл
Път до файла /url/
942 ## - АРТИКУЛИ
Вид на библиотечния материал Нотни издания
Скрит в OPAC Не
944 ## - СЪЗДАВАНЕ И РЕДАКЦИЯ на ЗАПИСА
Създаване/Редакция Създаване
Дата на регистрацията/редакция 21.11.2003
Служител, извършил регистрацията/редакцията Ирена_Линкова
944 ## - СЪЗДАВАНЕ И РЕДАКЦИЯ на ЗАПИСА
Създаване/Редакция Редакция
Дата на регистрацията/редакция 23.11.2004
Служител, извършил регистрацията/редакцията
999 ## - СИСТЕМНИ КОНТРОЛНИ НОМЕРА
Koha biblionumber 296971
Koha biblioitemnumber 296971
Наличности
Код за отписване Код за изгубен артикул Източник на класификационната схема Код за повреда Коз за рестрикции Код за отдаване Артикулен № Име на библиотеката - собственик Име на библиотеката, в която се намира в момента Статус (Текущо местоположение) Дата на вписване в системата Местоположение - отдел Цена в лева Инвентарен номер Систематично азбучна сигнатура Баркод Номер на екземпляра Цена в евро Служебна бележка Служебен тип на артикула
  Не е изгубен Universal Decimal Classification Не е повреден само за читалня ползва се в читалня 647430 Регионална библиотека "Любен Каравелов" Русе Регионална библиотека "Любен Каравелов" Русе Основен фонд - ползва се само за читалня 1967-01-01 Хранилище 0.01 1986/68 Цб М II 4681 900000104411 1 0.01 N: стар фонд Дата: 01.01.1967 Нотни издания
Vip Innovations Ltd, Rousse, Bulgaria 2025